Sudden Death Math Quiz #1 - Statistics

General Stats
  • This quiz has been taken 233 times
  • The average score is 4 of 6
Answers on the Grid
Answers color-coded by a green-red scale on the quiz's grid according to % correct below.
1 + 6 = 7
2 + 4 = 8
9 - 1 = 8
5 * 3 = 15
12 / 6 = 3
276 + 390 = 666
782 - 682 = 99
18 * 12 = 226
259 / 7 = 37
3 ^ 5 = 240
4 ^ 6 = 4096
 
Answer Stats
Answer % Correct
1 + 6 = 7
98%
9 - 1 = 8
93%
5 * 3 = 15
90%
276 + 390 = 666
71%
259 / 7 = 37
48%
4 ^ 6 = 4096
43%
No matching quizzes found
Score Distribution
Percent of People with Each Score
Percentile by Number Answered
Your Score History
You have not taken this quiz